[Event "WY ol"]
[Site "Kuala Lumpur MAS"]
[Date "2002.08.21"]
[Round "3"]
[White "Kuchkarov,A"]
[Black "Le Quang Liem"]
[Result "1-0"]
[WhiteElo "2007"]
[BlackElo "2148"]

1.d4 d5 2.c4 c6 3.Nf3 Nf6 4.Qc2 a6 5.Bf4 e6 6.Nbd2 Be7 7.e4 dxe4 8.Nxe4 O-O
9.Bd3 Nbd7 10.O-O Nxe4 11.Bxe4 Nf6 12.Bd3 h6 13.Rad1 Bd7 14.Ne5 Rc8 15.Qe2 Be8
16.Bb1 Nd7 17.c5 Bg5 18.Bg3 Nxe5 19.dxe5 Qa5 20.Qe4 g6 21.b4 Qa4 22.h4 Be7
23.h5 Rc7 24.Bh4 a5 25.Bxe7 Rxe7 26.Qh4 g5 27.Qe4 f5 28.exf6 Rxf6 29.Qe5 Kg7
30.f4 g4 31.f5 axb4 32.Rd4 Kf7 33.fxe6+ Rxe6 34.Rxf6+ Rxf6 35.Bg6+ Kg7 36.Rd6  1-0

[Event "WY ol"]
[Site "Kuala Lumpur MAS"]
[Date "2002.08.22"]
[Round "4"]
[White "Le Quang Liem"]
[Black "Hafiz,S"]
[Result "1-0"]
[WhiteElo "2148"]
[BlackElo "2162"]

1.d4 Nf6 2.c4 e6 3.Nf3 d5 4.Nc3 Be7 5.Bg5 O-O 6.e3 h6 7.Bh4 b6 8.cxd5 Nxd5
9.Bxe7 Qxe7 10.Be2 Bb7 11.O-O Nd7 12.Rc1 c5 13.Qd2 Rfd8 14.Rfd1 cxd4 15.Nxd5 Bxd5
16.Nxd4 Nc5 17.b4 Ne4 18.Qb2 Rac8 19.Bf3 Qb7 20.h3 Rxc1 21.Rxc1 Rc8 22.a3 Qa6
23.Be2 Qb7 24.Bf3 Rxc1+ 25.Qxc1 a5 26.Qc2 axb4 27.axb4 Nf6 28.Bxd5 Nxd5 29.b5 Qc7
30.Qe4 Qc5 31.Kh2 g6 32.g3 Qd6 33.Qc2 Qc7 34.Qa2 Ne7 35.Qa8+ Kg7 36.Nc6 Nf5
37.Qa1+ Kg8 38.Qf6 Qd7 39.e4 Ng7 40.Ne7+ Kh7 41.Qxf7 Qe8 42.Qf6 Nh5 43.Qxe6 Qf8
44.Qxg6+  1-0

[Event "WY ol"]
[Site "Kuala Lumpur MAS"]
[Date "2002.08.22"]
[Round "5"]
[White "Le Quang Liem"]
[Black "Stativkin,D"]
[Result "0-1"]
[WhiteElo "2148"]
[BlackElo "2173"]

1.d4 Nf6 2.c4 c5 3.d5 b5 4.cxb5 a6 5.bxa6 g6 6.Nc3 Bxa6 7.e4 Bxf1 8.Kxf1 d6
9.g3 Bg7 10.Kg2 O-O 11.Nf3 Nbd7 12.h3 Ra6 13.Qe2 Qa8 14.Re1 e6 15.Bf4 Nh5
16.Be3 f5 17.Bd2 fxe4 18.Qxe4 e5 19.Qg4 Ndf6 20.Qe6+ Kh8 21.Ng5 h6 22.Nf7+ Kh7
23.h4 Re8 24.Qh3 Nxd5 25.Ne4 Ndf6 26.f3 Qd5 27.Nxf6+ Nxf6 28.Ng5+ hxg5 29.hxg5+ Kg8
30.Be3 Nh7 31.a3 Nf8 32.Rad1 Qf7 33.Qg4 Ne6 34.Rh1 Nd4 35.Rdf1 Nf5 36.Bf2 Qe6
37.Rh2 e4 38.Rfh1 exf3+ 39.Qxf3 Qe4 40.Qxe4 Rxe4 41.b4 cxb4 42.axb4 Rxb4
43.Rc1 Rb7 44.Rc2 Rd7 45.g4 Nd4 46.Rc8+ Kf7 47.Rh7 Ne6 48.Rh3 Nxg5  0-1

[Event "WY ol"]
[Site "Kuala Lumpur MAS"]
[Date "2002.08.25"]
[Round "7"]
[White "Grecescu,G"]
[Black "Le Quang Liem"]
[Result "1/2-1/2"]
[WhiteElo "2233"]
[BlackElo "2148"]

1.e4 e6 2.d3 d5 3.Qe2 dxe4 4.dxe4 b6 5.g3 Ba6 6.Qf3 Bxf1 7.Kxf1 Nd7 8.Kg2 Ngf6
9.Qe2 e5 10.Bg5 Be7 11.Bxf6 Bxf6 12.Nf3 O-O 13.Nbd2 Qc8 14.Nc4 Qb7 15.a4 Rad8
16.Rhe1 Qc6 17.b4 Rfe8 18.Nfd2 Nf8 19.Nb3 Ne6 20.c3 Rd7 21.b5 Qb7 22.Red1 Red8
23.Rxd7 Rxd7 24.f3 g6 25.Rd1 Qc8 26.Rxd7 Qxd7 27.Ne3 Bg5 28.Nd5 c6 29.bxc6 Qxc6
30.Qb5 Qd6 31.h4 Bd8 32.Qb4 Qxb4 33.cxb4 Kf8 34.Kf2 Ke8 35.Ke2 Kd7 36.Kd3 a6
37.b5 axb5 38.axb5 Kd6 39.Kc4 h5 40.Nd2 g5 41.hxg5 Bxg5 42.Nf1 Bd8 43.f4 exf4
44.gxf4 h4 45.e5+ Kd7 46.f5 Ng7 47.Nde3 Bg5 48.f6 Nh5 49.Nd5 Ke6 50.Nxb6 Bf4
51.Kd4 Bxe5+ 52.Ke4 Nxf6+ 53.Kf3 h3 54.Nc4 Bb8 55.Nce3 Nd5 56.Ng4 Nc3 57.b6 Na4
58.Nf2 h2 59.Kg2 Nxb6 60.Nxh2 f5 61.Nf3 f4 62.Nh3 Kf5 63.Nf2 Nc4 64.Nd1 Ba7
65.Nh4+ Ke4 66.Nf2+ Ke3 67.Nh3 Nd2 68.Ng5 Ke2 69.Nh3 Be3 70.Ng5  1/2-1/2

[Event "WY ol"]
[Site "Kuala Lumpur MAS"]
[Date "2002.08.26"]
[Round "8"]
[White "Zhou Weiqi"]
[Black "Le Quang Liem"]
[Result "1-0"]
[WhiteElo "2318"]
[BlackElo "2148"]

1.Nf3 f5 2.e4 fxe4 3.Ng5 Nf6 4.d3 e6 5.dxe4 Nc6 6.Bd3 h6 7.Nf3 e5 8.Nh4 Ne7
9.f4 d6 10.O-O Be6 11.Nc3 Qd7 12.f5 Bf7 13.Be3 Nc6 14.Qe2 O-O-O 15.Rad1 Be7
16.Nf3 g6 17.Bb5 Qe8 18.Nd5 Ng8 19.Nb4 Bf6 20.Bxc6 bxc6 21.Qa6+ Kd7 22.Nxc6 Ra8
23.Rxd6+ Kxd6 24.Rd1+  1-0

[Event "WYb12"]
[Site "Heraklio GRE"]
[Date "2002.11.21"]
[Round "8"]
[White "Le Quang Liem"]
[Black "Mingachev,M"]
[Result "1-0"]
[WhiteElo "2132"]
[BlackElo "2207"]

1.d4 d6 2.Nf3 g6 3.Bf4 Nf6 4.h3 Bg7 5.c3 O-O 6.e3 c5 7.Be2 Nc6 8.O-O Nh5
9.Bh2 e5 10.dxe5 dxe5 11.Na3 Qe7 12.Qc2 f5 13.Rad1 e4 14.Bd6 Qf6 15.Bxf8 Bxf8
16.Nd2 Be6 17.Ndc4 a6 18.Nb6 Rd8 19.Nac4 Ng7 20.Rd2 Ne8 21.Rfd1 Rxd2 22.Qxd2 Qf7
23.b3 Nf6 24.Nd6 Qc7 25.Bc4 Bxc4 26.Ndxc4 Ne5 27.Nxe5 Qxe5 28.Nd7 Nxd7 29.Qxd7 Qxc3
30.Qxb7 Qf6 31.Qd5+ Kg7 32.Qd8 Be7 33.Qc7 Kf7 34.Rd7 Qe6 35.Qb7 Ke8 36.Rc7 Qe5
37.Rc8+ Kf7 38.Qxa6 f4 39.Qc4+ Kg7 40.exf4 Qxf4 41.Rg8+ Kh6 42.Re8 Qe5 43.a4 e3
44.Qh4+ Bxh4 45.Rxe5 Bxf2+ 46.Kf1 Bg3 47.Rxe3 Bc7 48.Re7 Ba5 49.Ra7 Bb6 50.Rb7 Ba5
51.Rb5 Bb4 52.Rxb4  1-0

[Event "WYb12"]
[Site "Heraklio GRE"]
[Date "2002.11.22"]
[Round "9"]
[White "Le Quang Liem"]
[Black "Khairullin,I"]
[Result "1-0"]
[WhiteElo "2132"]
[BlackElo "2339"]

1.d4 Nf6 2.Nf3 c5 3.d5 b5 4.Bg5 Ne4 5.Bf4 Bb7 6.e3 Qa5+ 7.c3 Nf6 8.d6 Qb6
9.dxe7 Bxe7 10.a4 bxa4 11.Nbd2 d5 12.Qxa4+ Nc6 13.Be2 O-O 14.O-O a5 15.Qb5 Qa7
16.Rfe1 Rfc8 17.h3 Nd8 18.Qa4 Ne6 19.Bh2 Bc6 20.Qa2 Nd7 21.Bd3 Nb6 22.Ne5 Be8
23.Bf5 g6 24.Bg4 f5 25.Bf3 c4 26.Red1 a4 27.Be2 Nc5 28.g4 Bf6 29.gxf5 gxf5
30.Kh1 Qe7 31.Rg1+ Kh8 32.Nef3 Bh5 33.Qb1 Ne4 34.Nxe4 Bxf3+ 35.Bxf3 fxe4
36.Bg4 Rf8 37.Rg2 Be5 38.Qd1 Bxh2 39.Rxh2 Qe5 40.Rg2 Ra7 41.Qe2 Raf7 42.Rag1 Rf6
43.Bh5 Qe6 44.Bg4 Qe7 45.Bh5 Qe6 46.Bg4 Qe5 47.Bh5 h6 48.Qg4 Rf5 49.Bg6 R5f6
50.Qh4 h5 51.Rg5 Rxg6 52.Qxh5+ Kg7 53.Qxg6+ Kh8 54.Qh6+  1-0

[Event "WYb12"]
[Site "Heraklio GRE"]
[Date "2002.11.23"]
[Round "10"]
[White "Nguyen Ngoc Truongson"]
[Black "Le Quang Liem"]
[Result "0-1"]
[WhiteElo "2274"]
[BlackElo "2132"]

1.d4 Nf6 2.c4 c5 3.d5 d6 4.Nc3 g6 5.e4 Bg7 6.Bd3 O-O 7.Nge2 e6 8.O-O Na6
9.a3 exd5 10.cxd5 Re8 11.Bg5 h6 12.Bh4 Rb8 13.Rb1 Bd7 14.f4 Qb6 15.h3 c4+
16.Bf2 Qc7 17.Bc2 Nc5 18.e5 dxe5 19.fxe5 Rxe5 20.Qd4 Rxe2 21.Nxe2 Nfe4 22.Qxc4 b5
23.Qb4 a5 24.Qe1 Re8 25.b4 axb4 26.axb4 Nc3 27.bxc5 Rxe2 28.Qc1 Rxf2 29.Rxf2 Qxc5
30.Qd2 Nxb1 31.Qf4 Qxd5 32.Kh1 Nc3 33.Qd2 Be6  0-1

[Event "WYb12"]
[Site "Heraklio GRE"]
[Date "2002.11.24"]
[Round "11"]
[White "Le Quang Liem"]
[Black "Spoelman,W"]
[Result "1-0"]
[WhiteElo "2132"]
[BlackElo "2206"]

1.d4 Nf6 2.Nf3 c5 3.c3 d5 4.Bf4 Nc6 5.e3 e6 6.Nbd2 Be7 7.Ne5 O-O 8.Bd3 Nxe5
9.Bxe5 b6 10.O-O Bb7 11.Bg3 Rc8 12.f4 Ne4 13.f5 Bg5 14.Bxe4 Bxe3+ 15.Kh1 dxe4
16.Nc4 cxd4 17.Nd6 Ba6 18.Re1 Bf2 19.Bxf2 Qxd6 20.Rxe4 d3 21.f6 g6 22.Qd2 Rfd8
23.Bd4 Qf8 24.Rf1 Rd5 25.Rfe1 Rh5 26.Kg1 Rd8 27.Re5 Rd5 28.Rxd5 Rxd5 29.b3 Rf5
30.Re4 h5 31.c4 Qd8 32.Qh6 Rxf6 33.Bxf6 Qxf6 34.Qd2 Bb7 35.Re3 Qa1+ 36.Kf2 Qh1
37.Rg3 h4 38.Rg4 h3 39.Qxd3 hxg2 40.Qd8+ Kg7 41.Qd4+ f6 42.Qd7+ Kh6 43.Qd2+ g5
44.Qe1 Qxh2 45.Qg1 Qh3 46.Qd1 Qh1 47.Qg1 f5 48.Rd4 Be4 49.Rd7 Qh4+ 50.Ke2 f4
51.Qd4 Qg4+ 52.Kd2 Qf3 53.Qh8+ Kg6 54.Qh7+ Kf6 55.Rf7+ Ke5 56.Qg7+ Kd6 57.Qf8+ Ke5
58.Qh8+ Kd6 59.Qb8+ Kc5 60.Qe5+ Bd5  1-0

[Event "zt 3.2a"]
[Site "Ho Chi Minh City VIE"]
[Date "2003.06.22"]
[Round "2"]
[White "Le Quang Liem"]
[Black "Tirto"]
[Result "1-0"]
[WhiteElo "2202"]
[BlackElo "2391"]

1.d4 Nf6 2.Nf3 e6 3.c4 b6 4.g3 Ba6 5.b3 Bb4+ 6.Bd2 Be7 7.Bg2 c6 8.O-O d5
9.Bc3 Nbd7 10.Nbd2 O-O 11.Re1 c5 12.cxd5 Nxd5 13.Bb2 Rc8 14.Rc1 Bf6 15.Ne4 Be7
16.a3 N5f6 17.Ned2 Bb7 18.dxc5 Nxc5 19.b4 Nce4 20.Ne5 Rxc1 21.Qxc1 Qa8 22.Nxe4 Nxe4
23.Qe3 Bg5 24.f4 Be7 25.Rd1 Nf6 26.Bxb7 Qxb7 27.Qf3 Nd5 28.Ng4 b5 29.f5 Bd8
30.Kh1 h5 31.Ne3 Qc8 32.Nxd5 Qc2 33.Ne3 Qxb2 34.fxe6 fxe6 35.Qxh5 Qb3 36.Rd3 Qb1+
37.Nd1 Qc1 38.Qxb5 Bb6 39.Kg2 Qc2 40.Qh5 Qc4 41.Kh3 Rf6 42.Qe8+ Kh7 43.Qa8 Rh6+
44.Kg2 Qg4 45.Kf1 Rxh2 46.Qf3 Qg6 47.Ke1 Qg5 48.Qe4+ g6 49.Ne3 Qf6 50.Rd7+ Kg8
51.Qa8+ Bd8 52.Rxd8+ Kf7 53.Rd7+  1-0

[Event "zt 3.2a"]
[Site "Ho Chi Minh City VIE"]
[Date "2003.06.23"]
[Round "4"]
[White "Nguyen Anh Dung"]
[Black "Le Quang Liem"]
[Result "1/2-1/2"]
[WhiteElo "2530"]
[BlackElo "2202"]

1.e4 c5 2.c3 d5 3.exd5 Qxd5 4.d4 e6 5.Nf3 Nf6 6.Na3 cxd4 7.Nb5 Qd8 8.Nbxd4 Be7
9.Bd3 h6 10.O-O O-O 11.Qe2 Nbd7 12.Rd1 Re8 13.Bc2 Qc7 14.h3 a6 15.Nh2 b6
16.Ng4 Nxg4 17.hxg4 Nf8 18.Be4 Bb7 19.Bf4 Qc8 20.Bg3 Bf6 21.Nf3 Nd7 22.Bd6 Nc5
23.Bxc5 bxc5 24.Nd2 Bd5 25.Nc4 Qc6 26.Re1 Rab8 27.Qf3 Red8 28.Qe2 Qb5 29.Bd3 Bxc4
30.Bxc4 Qxb2 31.Rad1 Rxd1 32.Rxd1 Qxe2 33.Bxe2 Rb2 34.Bxa6 Rxa2 35.Bc4 Rc2
36.Rd3 g6 37.Bb3 Rc1+ 38.Kh2 Bxc3 39.f4 Bf6 40.Rd6 g5 41.g3 Rb1 42.Bc2 Rb2
43.Rd2 Bd4 44.Kg2 Kf8 45.Kf3 Ke7 46.Rh2 Kd6 47.Ke4 Rb4 48.Kf3 Rb2 49.Ke4 Bg7
50.Rd2+ Kc7 51.Rf2 Bd4 52.Rh2 Kb6 53.Kd3 Ra2 54.Kc4 Ra3 55.Bb3 Ra1 56.f5 Rg1
57.fxe6 fxe6 58.Re2 Rc1+ 59.Bc2 Kc7 60.Rh2 Kd6 61.Rg2 Rg1 62.Rxg1 Bxg1 63.Kd3 Ke5
64.Bb3 Bf2 65.Ke2 Bxg3 66.Kf3 Bf4 67.Ba2 Kd4 68.Bxe6 c4 69.Ke2 c3 70.Bf5 Be5
71.Bg6 Bf6 72.Kd1 Ke3 73.Kc2 Ke2 74.Bh5 Kf3  1/2-1/2

[Event "zt 3.2a"]
[Site "Ho Chi Minh City VIE"]
[Date "2003.06.24"]
[Round "5"]
[White "Le Quang Liem"]
[Black "Pham Minh Hoang"]
[Result "1-0"]
[WhiteElo "2202"]
[BlackElo "2445"]

1.d4 Nf6 2.Nf3 e6 3.c4 b6 4.g3 Ba6 5.b3 Bb4+ 6.Bd2 Be7 7.Bg2 c6 8.O-O d5
9.Bc3 O-O 10.Nbd2 Nbd7 11.Re1 Bb7 12.Rc1 c5 13.cxd5 exd5 14.Ba1 Rc8 15.Nf1 Re8
16.Ne3 Bf8 17.Qd3 Ne4 18.Red1 Ndf6 19.Ne5 cxd4 20.Bxd4 Ba3 21.Rc2 Rxc2 22.Qxc2 Qb8
23.N5g4 Nxg4 24.Nxg4 Qc8 25.Ne3 Qxc2 26.Nxc2 Bc5 27.Ne3 Bxd4 28.Rxd4 Nc3
29.Bf3 Nxa2 30.Ra4 Nc3 31.Rxa7 Ba8 32.Nf5 Nb5 33.Rd7 g6 34.Nd6 Nxd6 35.Rxd6 Rb8
36.Bxd5 Bxd5 37.Rxd5 Re8 38.e3 Re6 39.Rd8+ Kg7 40.Rb8 Kf6 41.Kf1 Ke5 42.g4 g5
43.Rb7 Rf6 44.Ke2 Kd5 45.Rc7 Kd6 46.Rc8 Rh6 47.Rg8 f6 48.Rf8 Ke5 49.Rb8 f5
50.Re8+ Kf6 51.Rf8+ Kg6 52.Rxf5 Rxh2 53.Rb5 h5 54.Rxb6+ Kg7 55.gxh5 Rxh5
56.Kf3 Rh3+ 57.Kg4 Rh2 58.f3 Re2 59.e4 Rg2+ 60.Kh3 Rg1 61.Kh2 Re1 62.Kg2 Rb1
63.b4 Rb3 64.Kg3  1-0

[Event "zt 3.2a"]
[Site "Ho Chi Minh City VIE"]
[Date "2003.06.25"]
[Round "6"]
[White "Dableo,R"]
[Black "Le Quang Liem"]
[Result "1-0"]
[WhiteElo "2305"]
[BlackElo "2202"]

1.e4 c5 2.d3 Nc6 3.g3 g6 4.Bg2 Bg7 5.Ne2 e6 6.O-O Nge7 7.c3 e5 8.Be3 d6 9.a3 b6
10.b4 Ba6 11.c4 Bb7 12.Qb3 O-O 13.b5 Nd4 14.Nxd4 exd4 15.Bc1 Qd7 16.Ra2 Rae8
17.Re2 Kh8 18.Rfe1 Ng8 19.Qd1 Re7 20.f4 Nh6 21.Nd2 Rfe8 22.Nf1 Qd8 23.h3 f5
24.Qc2 Qa8 25.Bf3 Ng8 26.g4 Bf6 27.g5 Bg7 28.h4 h5 29.Ng3 Qc8 30.Kh2 Qd7
31.Qd1 Bf8 32.Bg2 fxe4 33.Bh3 Qc7 34.dxe4 Bc8 35.Bxc8 Qxc8 36.f5 gxf5 37.exf5 Rxe2+
38.Rxe2 d5 39.cxd5 Bd6 40.Re6 Rxe6 41.dxe6 Qe8 42.Qf3 Be5 43.Bf4 Bg7 44.Qe2 d3
45.Qxd3 Qf8 46.Qd1 Qe8 47.Qd7 Qe7 48.Bd6 Qxd7 49.exd7 c4 50.d8=Q c3 51.Qc7 c2
52.Nxh5 Bd4 53.Qxc2  1-0

[Event "zt 3.2a"]
[Site "Ho Chi Minh City VIE"]
[Date "2003.06.26"]
[Round "7"]
[White "Le Quang Liem"]
[Black "Antonio,R"]
[Result "0-1"]
[WhiteElo "2202"]
[BlackElo "2521"]

1.d4 Nf6 2.Nf3 e6 3.c4 b6 4.g3 Ba6 5.b3 Bb4+ 6.Bd2 Be7 7.Bg2 c6 8.O-O d5
9.Bc3 Nbd7 10.Nbd2 O-O 11.Re1 Bb7 12.Rc1 c5 13.cxd5 exd5 14.Bb2 Rc8 15.Nf1 Re8
16.Ne3 Bf8 17.Qd3 Ne4 18.Red1 Ndf6 19.Ne5 Qd6 20.Nf5 Qb8 21.f4 g6 22.Nh4 Bg7
23.Nhf3 h6 24.e3 Rc7 25.Qe2 Qc8 26.Bf1 Qe6 27.Rc2 Rec8 28.Rdc1 Nd6 29.Nd2 Nfe4
30.Bg2 Kh7 31.Bf3 Nxd2 32.Qxd2 f6 33.dxc5 Ne4 34.Bxe4 dxe4 35.c6 Ba6 36.Nc4 Rxc6
37.Na3 Bd3 38.Rxc6 Rxc6 39.Nc2 Qg4 40.Nd4 Rxc1+ 41.Qxc1 h5 42.Ba3 h4 43.Qe1 f5
44.Be7 Bxd4 45.exd4 e3 46.Bxh4 Qf3 47.g4 Be4  0-1

[Event "zt 3.2a"]
[Site "Ho Chi Minh City VIE"]
[Date "2003.06.27"]
[Round "8"]
[White "Torre,E"]
[Black "Le Quang Liem"]
[Result "1-0"]
[WhiteElo "2520"]
[BlackElo "2202"]

1.e4 e6 2.d4 d5 3.e5 c5 4.c3 Qb6 5.Nf3 Nc6 6.a3 Nh6 7.b4 cxd4 8.cxd4 Nf5
9.Bb2 Bd7 10.g4 Nfe7 11.Nc3 Na5 12.Nd2 Ng6 13.h4 Nc4 14.Bxc4 dxc4 15.Nce4 Rc8
16.Qf3 Be7 17.h5 Nf8 18.h6 Rg8 19.Rc1 Bb5 20.hxg7 Rxg7 21.Nd6+ Bxd6 22.exd6 Bc6
23.Qf6 Qd8 24.Qxg7 Bxh1 25.Nxc4 Be4 26.d7+ Qxd7 27.Nd6+ Qxd6 28.Rxc8+ Kd7
29.Qxf8 Qxf8 30.Rxf8 Ke7 31.Rb8 a6 32.g5 Kd7 33.Kd2 Kc7  1-0

[Event "zt 3.2a"]
[Site "Ho Chi Minh City VIE"]
[Date "2003.06.29"]
[Round "9"]
[White "Le Quang Liem"]
[Black "Goh Koon Jong,J"]
[Result "1/2-1/2"]
[WhiteElo "2202"]
[BlackElo "2297"]

1.d4 d5 2.c4 c6 3.Nc3 e6 4.e3 Nd7 5.Nf3 f5 6.Bd3 Bd6 7.cxd5 cxd5 8.Bd2 Ngf6
9.Nb5 Bb8 10.Bb4 Ne4 11.Rc1 a6 12.Qc2 axb5 13.Qxc8 Bd6 14.Qxd8+ Kxd8 15.Bxd6 Nxd6
16.a3 Ke7 17.Ke2 Rhc8 18.Bb1 Nc4 19.Rc2 Ndb6 20.Rhc1 Nxb2 21.Rc7+ Kd6 22.R7c5 N2a4
23.Rxc8 Rxc8 24.Rxc8 Nxc8 25.Kd2 Nb2 26.Kc2 Nc4 27.Kb3 Na7 28.Bd3 Nc6 29.g3 Ke7
30.Be2 g6 31.Ne1 g5 32.Nc2 Kf6 33.Bd3 h6 34.Be2 e5 35.dxe5+ Kxe5 36.Ne1 Kd6
37.Bd3 Ke6 38.Nc2 Ke5 39.Ne1 Nd2+ 40.Kc2 Nc4 41.Nf3+ Kf6 42.Kb3 N6e5 43.Nxe5 Kxe5
44.Kb4 f4 45.exf4+ gxf4 46.g4 f3 47.h3 Kf4 48.Kxb5 Nxa3+ 49.Kc5 Nc4 50.Kxd5 Ne5
51.Bb5 Nf7 52.Bd3 Ng5 53.h4 Nf7 54.g5 hxg5 55.hxg5 Nxg5 56.Kd4 Kg4 57.Bc4 Kf4
58.Bd5 b6 59.Bc6 Ne6+ 60.Kd5 Nc5 61.Kc4 Ne6 62.Bxf3  1/2-1/2

[Event "ch-VIE"]
[Site "Dalat City VIE"]
[Date "2004.03.13"]
[Round "2"]
[White "Cao Sang"]
[Black "Le Quang Liem"]
[Result "1-0"]
[WhiteElo "2488"]
[BlackElo "2297"]

1.e4 c5 2.Nf3 e6 3.d4 cxd4 4.Nxd4 Nf6 5.Nc3 d6 6.g3 Be7 7.Bg2 O-O 8.O-O a6
9.h3 Qc7 10.Be3 Nc6 11.Nce2 Nxd4 12.Bxd4 e5 13.Be3 b5 14.Nc3 h6 15.Nd5 Nxd5
16.Qxd5 Bb7 17.Qd3 Rac8 18.c3 Bc6 19.Rfd1 Qb7 20.g4 Bd7 21.f4 exf4 22.Bxf4 Bc6
23.Rd2 Rfe8 24.Re2 Bf8 25.Rae1 Re6 26.Kh1 Rce8 27.Qd4 Be7 28.Bg3 Bf6 29.Qd3 Rd8
30.Rd1 Qe7 31.Qe3 Qb7 32.Kg1 Be5 33.Bxe5 Rxe5 34.Qf4 Qe7 35.Rd4 Re8 36.Red2 Rd8
37.Rf2 f6 38.Rfd2 Kf8 39.Kh2 Qc7 40.c4 Ke7 41.Qg3 Qb6 42.b4 Rd7 43.Qc3 Qb7
44.Qd3 Qb8 45.c5 Re6 46.Qg3 Qd8 47.e5 dxc5 48.Rxd7+ Bxd7 49.exf6+ gxf6 50.bxc5 Qc8
51.Qa3 Qc7+ 52.Kg1 Bc6 53.Qd3 Bxg2 54.Qh7+  1-0

[Event "ch-VIE"]
[Site "Dalat City VIE"]
[Date "2004.03.15"]
[Round "5"]
[White "Dinh Duc Trong"]
[Black "Le Quang Liem"]
[Result "1-0"]
[WhiteElo "2365"]
[BlackElo "2297"]

1.g3 d5 2.Bg2 c6 3.d3 Nf6 4.Nd2 Bf5 5.e4 dxe4 6.dxe4 Bg6 7.Nh3 e5 8.O-O Bc5
9.Kh1 O-O 10.f3 Qc7 11.Nf2 Re8 12.Nd3 Bf8 13.Qe2 Na6 14.Bh3 Nd7 15.Rd1 Rad8
16.b3 f6 17.Bb2 Bf7 18.a4 Be7 19.Ba3 Bxa3 20.Rxa3 Qa5 21.Raa1 Qc3 22.Rac1 Ndc5
23.Nb1 Qa5 24.Nxc5 Qxc5 25.Rxd8 Rxd8 26.Rd1 Rxd1+ 27.Qxd1 g6 28.Bf1 b5 29.c3 Nc7
30.b4 Qf2 31.axb5 Nxb5 32.Qe2 Qb6 33.Qd2 Kg7 34.Kg2 Qc7 35.Bxb5 cxb5 36.Na3 a6
37.Nc2 a5 38.bxa5 Qxa5 39.Ne3 Qa2 40.Qxa2 Bxa2 41.Kf2 Kf7 42.Ke2 Ke6 43.f4 Bb1
44.Kf3 Bd3 45.h4 Bb1 46.f5+ gxf5 47.Nxf5 Bc2 48.Ne3 Bd3 49.g4 Kf7 50.Nd5 Bc4
51.Ne3 Be6 52.Nf1 Bb3 53.Ne3 Be6 54.Nf5 Bxf5 55.exf5 h5 56.g5 fxg5 57.hxg5 Kg7
58.Ke4 h4 59.Kf3 Kf7 60.Kg4  1-0

[Event "ch-VIE"]
[Site "Dalat City VIE"]
[Date "2004.03.16"]
[Round "6"]
[White "Le Quang Liem"]
[Black "Tran Anh Tri"]
[Result "0-1"]
[WhiteElo "2297"]
[BlackElo "2350"]

1.d4 Nf6 2.c4 c5 3.Nf3 cxd4 4.Nxd4 b6 5.Nc3 Bb7 6.Bg5 e6 7.Ndb5 d6 8.Bf4 e5
9.Bg5 a6 10.Na3 Nbd7 11.e3 Be7 12.Bxf6 Nxf6 13.Nd5 Nxd5 14.cxd5 b5 15.Qd2 O-O
16.g4 Bc8 17.h3 f5 18.Be2 Bh4 19.O-O-O Bxf2 20.Rdf1 Bh4 21.gxf5 Bxf5 22.Bd3 Qd7
23.Nc2 Bg5 24.h4 Bh6 25.Nb4 Qa7 26.Nc2 Bg4 27.Kb1 Bf3 28.Rhg1 Rf6 29.Be2 Raf8
30.Bxf3 Rxf3 31.Rxf3 Rxf3 32.Re1 g6 33.Qb4 Bf8 34.h5 gxh5 35.a4 bxa4 36.Qxa4 Qf7
37.Qc4 Rf2 38.Nb4 Qg6+ 39.Ka2 Qg4 40.Qb3 h4 41.e4 Rf3 42.Qd1 Rg3 43.Qxg4+ Rxg4
44.Nxa6 h3 45.b4 h2 46.Rh1 Rg2+ 47.Kb3 Bh6 48.b5 Be3 49.Nb4 Kf7 50.Nc2 Bb6
51.Na3 Ke7 52.Nc4 Bc5 53.Kc3 Kd7 54.Kd3 Kc7 55.Nd2 Kb6 56.Nf3 Bg1 57.Nh4 Rg3+
58.Ke2 Kxb5 59.Nf5 Rg6 60.Kf3 Kc4 61.Nh4 Kd3 62.Nxg6 hxg6 63.Rxg1 hxg1=R  0-1

[Event "ch-VIE"]
[Site "Dalat City VIE"]
[Date "2004.03.17"]
[Round "8"]
[White "Le Quang Liem"]
[Black "Nguyen Van Huy"]
[Result "1-0"]
[WhiteElo "2297"]
[BlackElo "2350"]

1.d4 Nf6 2.Nf3 g6 3.c4 Bg7 4.Nc3 O-O 5.e4 d6 6.Be2 e5 7.O-O Nc6 8.Be3 exd4
9.Nxd4 Re8 10.f3 Nh5 11.Qd2 Nf4 12.Rfd1 f5 13.Bf1 Nxd4 14.Bxd4 Bxd4+ 15.Qxd4 Qg5
16.Re1 Bd7 17.c5 dxc5 18.Qc4+ Be6 19.Qxc5 b6 20.Qe3 Nh3+ 21.Kh1 Qxe3 22.Rxe3 f4
23.Ree1 Ng5 24.Bb5 Red8 25.Ne2 c6 26.Bxc6 Rac8 27.Ba4 Rd2 28.Nxf4 Bf7 29.b4 Rxa2
30.h4 Rxa1 31.Rxa1 Ne6 32.Bd7  1-0

[Event "ch-VIE"]
[Site "Dalat City VIE"]
[Date "2004.03.18"]
[Round "9"]
[White "Dao Thien Hai"]
[Black "Le Quang Liem"]
[Result "1-0"]
[WhiteElo "2583"]
[BlackElo "2297"]

1.d4 d5 2.c4 c6 3.Nf3 Nf6 4.Nc3 a6 5.Ne5 Nbd7 6.Bf4 dxc4 7.e3 b5 8.Nxc6 Qb6
9.Ne5 Bb7 10.Be2 Bxg2 11.Rg1 Bb7 12.a4 Rc8 13.axb5 axb5 14.Rg5 Nxe5 15.Rxe5 Bc6
16.Bf3 Bd7 17.Rc5 e6 18.Rxc8+ Bxc8 19.Ra8 Kd7 20.d5 Bb4 21.Rb8 Qa5 22.Kf1 Bxc3
23.dxe6+  1-0

[Event "Asian U16b"]
[Site "Tehran IRI"]
[Date "2004.04.04"]
[Round "2"]
[White "Le Quang Liem"]
[Black "Khamrakulov,D"]
[Result "1/2-1/2"]
[WhiteElo "2297"]
[BlackElo "2200"]

1.d4 d5 2.c4 e6 3.Nc3 Nf6 4.cxd5 exd5 5.Bg5 Be7 6.e3 O-O 7.Bd3 Nbd7 8.Nge2 b6
9.O-O Bb7 10.Rc1 c5 11.Bb1 Rc8 12.Qc2 b5 13.Nxb5 cxd4 14.Qd3 Qb6 15.Nexd4 Bc5
16.Bxf6 Nxf6 17.Nb3 Ba6 18.a4 Bd6 19.Qd4 Bxb5 20.Qxb6 axb6 21.axb5 Be5 22.Nd4 Rxc1
23.Rxc1 Bxd4 24.exd4 Ra8 25.f3 Kf8 26.Bd3 Ra4 27.Rc8+ Ke7 28.Rc7+ Ke8 29.Rc8+ Ke7  1/2-1/2

[Event "Asian U16b"]
[Site "Tehran IRI"]
[Date "2004.04.06"]
[Round "5"]
[White "Sengupta,D"]
[Black "Le Quang Liem"]
[Result "0-1"]
[WhiteElo "2381"]
[BlackElo "2297"]

1.e4 c5 2.Nf3 e6 3.d4 cxd4 4.Nxd4 Nf6 5.Nc3 d6 6.Be3 Be7 7.f3 O-O 8.Qd2 a6
9.g4 Nc6 10.O-O-O Nxd4 11.Bxd4 b5 12.Kb1 Bb7 13.g5 Nd7 14.h4 b4 15.Ne2 a5
16.Ng3 Ne5 17.Qg2 Nc6 18.f4 Nxd4 19.Rxd4 Qb6 20.Qd2 d5 21.e5 a4 22.Rd3 Rfc8
23.h5 b3 24.cxb3 Bb4 25.Qd1 a3 26.Rh2 Rc7 27.bxa3 Bxa3 28.Rc2 Rac8 29.Rdd2 Qe3
30.Ne2 Ba6 31.Nd4 Bxf1 32.Rxc7 Rxc7 33.Nc2 Rxc2 34.Qxc2 Bh3 35.Qc8+ Bf8 36.Qc1 Bf5+
37.Kb2 Qxf4 38.Qc3 Qf1 39.b4 Qg1 40.a4 Qg4 41.Ka3 Qxg5 42.a5 Be4 43.a6 Qd8
44.Ka4 Qb6 45.b5 d4 46.Qa5 Qc5 47.Kb3 Qc1  0-1

[Event "Asian U16b"]
[Site "Tehran IRI"]
[Date "2004.04.07"]
[Round "7"]
[White "Gopal,G"]
[Black "Le Quang Liem"]
[Result "0-1"]
[WhiteElo "2269"]
[BlackElo "2297"]

1.e4 c5 2.Nf3 e6 3.d4 cxd4 4.Nxd4 Nf6 5.Nc3 d6 6.Be2 a6 7.a4 Be7 8.O-O O-O
9.f4 Qc7 10.Kh1 Nc6 11.Be3 Re8 12.Bd3 Nxd4 13.Bxd4 e5 14.Be3 exf4 15.Bxf4 Be6
16.Nd5 Bxd5 17.exd5 Nd7 18.Qh5 g6 19.Qh3 Bf8 20.Rf2 Bg7 21.Raf1 Re7 22.Bg5 f6
23.Bd2 Rae8 24.Bc3 Ne5 25.Qg3 Qc5 26.Rxf6 Nxd3 27.Qxd3 Bxf6 28.Rxf6 Re1+
29.Bxe1 Rxe1+ 30.Rf1 Qf2  0-1

[Event "Asian U16b"]
[Site "Tehran IRI"]
[Date "2004.04.08"]
[Round "8"]
[White "Le Quang Liem"]
[Black "Noroozi,O"]
[Result "1-0"]
[WhiteElo "2297"]
[BlackElo "2192"]

1.d4 Nf6 2.Nf3 c5 3.c3 b6 4.dxc5 bxc5 5.e4 Bb7 6.e5 Nd5 7.Bd3 e6 8.O-O d6
9.Na3 Nc6 10.Bg5 Be7 11.Bxe7 Qxe7 12.Bb5 O-O-O 13.exd6 Qxd6 14.Nc4 Qc7 15.Qa4 f6
16.Qa3 Nf4 17.Ba6 Rd5 18.Ne3 Rh5 19.Rfd1 Ne5 20.Bxb7+ Kxb7 21.Nxe5 Rxe5 22.Qa4 Nd5
23.Qb3+ Qb6 24.Nc4 Qxb3 25.axb3 Rh5 26.Ra5 Nb6 27.Rda1 Nc8 28.b4 Kc6 29.b5+ Kc7
30.Ra6 Re8 31.Rc6+ Kb8 32.Ne3 c4 33.Nxc4 Rxb5 34.b4 Rd5 35.Ne3 Rd6 36.Rc5 Red8
37.g3 Rd2 38.Rb5+ Kc7 39.Ra6 R8d6 40.Ra3 g5 41.Kg2 R2d3 42.Rc5+ Rc6 43.Rxc6+ Kxc6
44.Ng4 Kb6 45.Nxf6 Nd6 46.Nd7+ Kb5 47.c4+  1-0

[Event "WYb14"]
[Site "Heraklio GRE"]
[Date "2004.11.04"]
[Round "1"]
[White "Le Quang Liem"]
[Black "Papadopoulos,N"]
[Result "1/2-1/2"]
[WhiteElo "2329"]
[BlackElo "2042"]

1.d4 Nf6 2.c4 g6 3.Nc3 Bg7 4.e4 d6 5.Be2 O-O 6.Nf3 e5 7.O-O Nc6 8.Be3 Re8
9.d5 Nd4 10.Nxd4 exd4 11.Bxd4 Nxe4 12.Bxg7 Kxg7 13.Nxe4 Rxe4 14.Bd3 Re8 15.Qb3 b6
16.Rfe1 Bd7 17.Rxe8 Bxe8 18.Re1 Qf6 19.Qa3 Bd7 20.Bf1 a5 21.h3 Re8 22.Rxe8 Bxe8
23.Qe3 Bd7 24.b3 h5 25.a3 Bf5 26.b4 axb4 27.axb4 Qb2 28.b5 Qa1 29.f3 h4 30.Kf2 Qb2+
31.Be2 Kf6 32.f4 Kg7 33.Kg1 Qa1+ 34.Kf2 Qb2 35.Kf3 Qa1 36.Kf2 Qb2 37.Ke1 Qa1+
38.Kf2 Qb2 39.Kg1 Qa1+ 40.Bf1 Qb2 41.Kh2 Qa1 42.Qf2 Qf6 43.Be2 Qb2 44.Qe1 Be4
45.Bf1 Qb1 46.Qc3+ Kg8 47.Be2 Qc2 48.Qe3 Bf5 49.Bf1 Qe4 50.Qd2 Qc2 51.Qe1 Bd3
52.Bxd3 Qxd3 53.Qxh4 Qxc4 54.Qg5 Qxb5 55.Qd8+ Kg7 56.Qxc7 Qxd5 57.Qxb6 Qd2
58.Kg3 Qd3+ 59.Kh2 d5 60.Qd6 d4 61.Qe5+ Kg8 62.Qe8+ Kg7 63.Qe5+ Kg8  1/2-1/2

[Event "WYb14"]
[Site "Heraklio GRE"]
[Date "2004.11.11"]
[Round "9"]
[White "Khairullin,I"]
[Black "Le Quang Liem"]
[Result "1-0"]
[WhiteElo "2514"]
[BlackElo "2329"]

1.e4 c5 2.c3 d5 3.exd5 Qxd5 4.d4 Nf6 5.Nf3 e6 6.Be3 Ng4 7.Bd3 Nxe3 8.fxe3 Be7
9.O-O O-O 10.Nbd2 Nc6 11.Qe2 Qd7 12.Nc4 Qc7 13.Be4 b6 14.Nfe5 Bb7 15.Nxf7 Rxf7
16.Rxf7 Kxf7 17.Qh5+ Kf8 18.Rf1+ Bf6 19.Qxh7 Ke7 20.d5 Qd7 21.Rxf6 Kxf6 22.Qg6+ Ke7
23.Qxg7+ Kd8 24.Qxd7+ Kxd7 25.dxc6+ Bxc6 26.Ne5+ Kd6 27.Nxc6 b5 28.h4 a5
29.h5 Rh8 30.g4 Rg8 31.Bf3 a4 32.h6 b4 33.cxb4 cxb4 34.h7 Rh8 35.Be4  1-0